000 00306nam a2200109Ia 4500
008 171211s9999 xx 000 0 und d
245 _aLeibniz: An Intellectual Biography
245 _cMaria Rosa Antognazza
260 _c2008
650 _xBiography
856 _uhttp://down.ebook777.com/059/0521806194.pdf
999 _c349969
_d349969